Effective management in practice: Analytical insights & critical questions/
Saved in:
| Main Author: | |
|---|---|
| Format: | Book |
| Language: | English |
| Published: |
Sage publications,
2013
|
| Tags: |
Add Tag
No Tags, Be the first to tag this record!
|
MARC
| LEADER | 00000nam a22000007a 4500 | ||
|---|---|---|---|
| 008 | 210817b ||||| |||| 00| 0 eng d | ||
| 020 | |a ISBN: 978-1-4462-7260-2 | ||
| 100 | |a WENSLEY, Robin. | ||
| 245 | |a Effective management in practice: |b Analytical insights & critical questions/ |c Robin Wensley.- |g xv, 232p; ill. | ||
| 260 | |b Sage publications, |c 2013 |h London: |i 693461-ADM |i 693462 |l HD30.213 .W48 |m 1. Management |m 2. Decision support systems |m I. Title. | ||
| 500 | |a “It include index and references” | ||
| 942 | |a lcc |c BK |e j. o. ifatola |f 17/ 08/ 2021 | ||
| 952 | |0 0 |1 0 |2 lcc |4 0 |6 HD0030213 W48 |7 0 |9 3069 |a MPL |b HOL |c GJ |d 2021-08-17 |l 0 |o HD30.213 .W48 |p 2021-66768 |r 2021-08-17 00:00:00 |w 2021-08-17 |y BK | ||
| 952 | |0 0 |1 0 |2 lcc |4 0 |6 HD0030213 W48 |7 0 |9 3070 |a MPL |b HOL |c GJ |d 2021-08-17 |l 0 |o HD30.213 .W48 |p 2021-66769 |r 2021-08-17 00:00:00 |w 2021-08-17 |y BK | ||
| 999 | |c 1555 |d 1555 | ||